Boletín de las leyes y decretos del gobierno: 1883
Uloženo v:
| Médium: | Kniha |
|---|---|
| Jazyk: | španělština |
| Vydáno: |
Santiago
Nacional
1883
|
| Témata: | |
| Tagy: |
Přidat tag
Žádné tagy, Buďte první, kdo vytvoří štítek k tomuto záznamu!
|
MARC
| LEADER | 00000nam a2200000 a 4500 | ||
|---|---|---|---|
| 001 | UCR1495 | ||
| 003 | CL-VaPUC | ||
| 008 | 971219e18830000CL |||||||||||||||||spa|d | ||
| 082 | 0 | 4 | |a 348.022 |b BOL |2 21 |
| 245 | 1 | 0 | |a Boletín de las leyes y decretos del gobierno: 1883 |
| 300 | |a 2 v | ||
| 942 | |c BK | ||
| 945 | |d 19971219 00:00:00 |a lriquelm | ||
| 260 | |a Santiago |b Nacional |c 1883 | ||
| 650 | 7 | |a DERECHO CHILENO SIGLO 19 |2 CL-VaPUC |9 398640 | |
| 650 | 0 | |a Fuentes del derecho |9 255162 | |
| 651 | 7 | |a CHILE |2 CL-VaPUC |9 398641 | |
| 583 | |a last modification |c 20160829 10:09:02 |k Rodrigo Vera | ||
| 999 | |c 264897 |d 264895 | ||
| 952 | |0 0 |1 0 |4 0 |6 348_022000000000000_BOL_1883 |7 0 |8 X |9 295478 |a BIBDER |b BIBDER |d 2019-11-20 |h v.52 p.1 |i 192589K |o 348.022 BOL 1883 |p 192589K |r 2023-01-25 |w 2019-11-20 |y BK_X |k DER | ||
| 952 | |0 0 |1 0 |4 0 |6 348_022000000000000_BOL_1883 |7 0 |8 X |9 295479 |a BIBDER |b BIBDER |d 2019-11-20 |h v.52 p.2 |i 1925849 |o 348.022 BOL 1883 |p 1925849 |r 2023-01-25 |w 2019-11-20 |y BK_X |k DER | ||
| 952 | |0 0 |1 0 |4 0 |6 348_022000000000000_BOL_1883 |7 0 |8 DER_HDC |9 295480 |a BIBDER |b BIBDER |d 2019-11-20 |h v.52 p.1 |i 1927418 |o 348.022 BOL 1883 |p 1927418 |r 2023-01-25 |w 2019-11-20 |x Ubicación 4to Piso |y BK_X |z Estos recursos deben solicitarse con anticipación |k DER | ||
| 952 | |0 0 |1 0 |4 0 |6 348_022000000000000_BOL_1883 |7 0 |8 DER_HDC |9 295481 |a BIBDER |b BIBDER |d 2019-11-20 |h v.52 p.2 |i 1927469 |o 348.022 BOL 1883 |p 1927469 |r 2023-01-25 |w 2019-11-20 |x Ubicación 4to Piso |y BK_X |z Estos recursos deben solicitarse con anticipación |k DER | ||
| 952 | |0 0 |1 0 |4 0 |6 348_022000000000000_BOL_1883 |7 0 |8 X |9 295482 |a BIBHIS |b BIBHIS |d 2019-11-20 |h v.52 p.1 |i 2842432 |o 348.022 BOL 1883 |p 2842432 |r 2024-01-30 |w 2019-11-20 |y BK_X |k HIS | ||
| 952 | |0 0 |1 0 |4 0 |6 348_022000000000000_BOL_1883 |7 0 |8 X |9 295483 |a BIBHIS |b BIBHIS |d 2019-11-20 |h v.52 p.2 |i 2842440 |o 348.022 BOL 1883 |p 2842440 |r 2024-01-30 |w 2019-11-20 |y BK_X |k HIS | ||